Top 300 'A' Girls Names (2014) Quiz Stats

 Plays Quiz not verified by Sporcle

Challenge
Share
Tweet
Embed
Score 0/300 Timer 15:00
0 Plays Today
Number of Babies Answer % Correct
282Ann
98.3%
235Ali
98%
5639Anna
97.8%
1508Ana
96.3%
225Ari
96.3%
15586Ava
95.8%
556Anne
94.8%
5893Aria
94.3%
11985Abigail
93.1%
2178Amy
91.8%
3539Ashley
91.3%
5531Audrey
90.8%
1263Allie
90.8%
157Alex
89.8%
376Ally
89.3%
5440Allison
89.1%
5461Ariana
88.6%
4227Alexa
88.6%
7589Aubrey
88.3%
830Abby
88.3%
5240Arianna
88.1%
1179Angel
87.8%
3288Alexandra
87.6%
1046Annie
87.6%
1115Alison
86.6%
8727Amelia
86.4%
2543Andrea
85.9%
3798Alyssa
85.1%
2105Angelina
85.1%
847Ada
84.9%
9517Avery
84.4%
4188Alexis
84.4%
709Annabel
84.1%
1722Angela
83.9%
3042Alice
83.6%
6950Addison
82.9%
1272Adrianna
82.9%
967Alicia
82.9%
1861Adriana
82.6%
1589Alexandria
82.6%
244Abbie
82.1%
727Angelica
81.6%
4324Annabelle
81.1%
1664Alana
80.9%
130Ashlee
80.4%
286Annabell
79.9%
1265Annabella
79.4%
295Anabel
79.2%
1049Amber
77.9%
4258Aubree
76.9%
337Aimee
76.4%
319Alissa
75.9%
681Anabelle
75.7%
380Alia
75.7%
4850Aaliyah
75.2%
1042Amanda
75.2%
581Anabella
75.2%
1008Allyson
73.7%
1213Alexia
73%
1055Ashlyn
72.7%
1947Aliyah
71%
1706Alina
70.2%
331Aubri
70%
1522Adeline
69.7%
339Adrienne
69.7%
362Adele
69.5%
1544Arya
69.2%
300Alisha
69%
2718Aurora
68.5%
738Aubrie
68.5%
2419Arielle
68.2%
978Arielle
68.2%
491Alyson
68.2%
285Alisa
68%
314Aliya
67.7%
4034Autumn
67%
184Adela
67%
790April
66.3%
170Audree
66.3%
582Alanna
65.3%
205Addie
65.3%
1015Ashlynn
64.8%
667Anya
62.5%
2105Adalyn
62.3%
852Averie
62%
1666Adelyn
61.3%
462Alena
61.3%
372Averi
61.3%
1894Arabella
60.8%
169Ayla
60.8%
424Amelie
59.8%
1677Athena
59.1%
851Addyson
59.1%
2512Adalynn
58.8%
1729Alaina
58.6%
768Angelique
57.8%
1058Adelynn
57.6%
1349Amaya
57.3%
1040Adelaide
57.1%
397Aliana
56.6%
Number of Babies Answer % Correct
165Ashton
56.3%
1078Alessandra
56.1%
344Asia
55.8%
157Abbey
55.8%
318Abbigail
54.6%
164Anita
54.1%
129Alessa
53.8%
715Alejandra
53.3%
558Angie
53.3%
323Angeline
53.3%
162Adaline
53.3%
561Aryanna
52.4%
388Aryana
51.9%
187Agnes
51.9%
412Alma
51.6%
540Aileen
51.4%
256Alianna
51.1%
1328Anastasia
50.6%
1533Alayna
49.9%
141Ariela
49.6%
305Amalia
49.1%
752Aleah
47.9%
270Antonia
47.9%
577Addisyn
47.4%
268Aya
46.2%
180Annette
46.2%
281Alannah
45.9%
153Aida
45.9%
762Amira
45.4%
310Audriana
44.9%
177Aliah
44.7%
137Arabelle
44.7%
543Aisha
44.4%
1479Aniyah
43.9%
776Amina
43.4%
693Annalise
43.4%
323America
43.4%
589Anika
43.2%
255Andi
42.9%
560Aniya
42.7%
149Arlene
42.4%
1579Alivia
41.9%
500Audrina
41.4%
600Amara
41.2%
200Asha
41.2%
396Amiya
40.9%
203Audrianna
40.9%
998Ainsley
40.4%
229Audra
40%
177Adyson
40%
129Aila
39.7%
580Adelina
39.5%
1051Amiyah
38.5%
585Amari
38.2%
528Annika
38.2%
392Amia
38.2%
393Avah
37.5%
234Aubriana
37.2%
121Abigayle
37.2%
733Anaya
37%
230August
37%
206Amayah
36.5%
272Aubrianna
36%
141Andie
36%
913Alondra
35.5%
407Ariah
35%
125Abigale
35%
152Analise
34%
628Aleena
33.5%
812Aspen
32.5%
346Aviana
32.3%
251Avalyn
32.3%
332Amya
31.8%
251Ayana
31.8%
231Ashtyn
31.8%
355Aubrielle
31%
193Adilyn
31%
293Astrid
30.8%
198Alessia
30.8%
178Alanah
30.8%
330Ariya
30.5%
219Adilynn
30.5%
306Avianna
30.3%
123Amberly
30%
329Aurelia
29.8%
133Abbygail
29.8%
214Addalyn
29.5%
344Alaya
29.3%
582Azalea
28.8%
290Aubriella
28.8%
281Avalynn
28.8%
201Anayah
28.5%
189Addelyn
28.3%
336Aliza
28%
205Amiah
28%
121Austin
28%
300Ayanna
27.8%
149Alba
27.5%
171Addalynn
26.6%
116Annalisa
26.3%
Number of Babies Answer % Correct
286Ariyah
26.1%
284Alisson
26.1%
563Addilyn
25.6%
118Amilia
25.6%
148Alyse
25.1%
267Annalee
24.8%
548Alayah
24.6%
289Addilynn
24.6%
112Alyna
24.6%
459Ansley
23.8%
203Annaliese
23.8%
425Amirah
23.3%
128Abagail
23.1%
332Ayleen
22.8%
287Azaria
22.3%
272Abril
22.3%
134Amyah
22.3%
470Alani
22.1%
274Abrielle
21.8%
216Annelise
21.8%
878Aylin
21.6%
422Armani
21.6%
280Ayva
21.6%
243Arden
21.3%
147Ariane
21.3%
238Aminah
21.1%
137Aleeah
20.8%
185Alora
20.6%
131Annmarie
20.6%
111Alexus
20.6%
437Amani
19.9%
113Aniah
19.9%
216Anneliese
19.4%
154Avalon
19.4%
136Ariyana
19.4%
289Alyvia
19.1%
126Amor
19.1%
215Araceli
18.9%
192Annaleigh
18.4%
183Ashanti
17.9%
278Azariah
17.6%
240Austyn
17.6%
184Abrianna
17.6%
151Ayesha
17.6%
111Avarie
17.6%
227Anais
17.4%
323Aiyana
16.9%
174Aiyanna
16.6%
119Ayah
16.6%
206Ailyn
16.4%
165Aniston
16.4%
115Aleyah
16.4%
233Akira
15.6%
207Annabeth
15.6%
347Ariadne
15.4%
238Aleigha
15.4%
158Azul
15.4%
298Anniston
15.1%
119Analeigh
14.9%
149Aracely
14.6%
123Aspyn
14.4%
450Anahi
13.9%
180Alanis
13.9%
129Anjali
13.9%
376Arely
13.6%
232Analia
13.6%
198Areli
13.6%
132Amariah
13.4%
181Amora
13.2%
176Adley
13.2%
149Araya
12.9%
126Amarie
12.9%
118Ayvah
12.9%
155Angely
12.7%
216Antonella
12.4%
210Adalee
11.7%
191Aliyana
11.4%
144Adalie
11.2%
267Alaysia
10.4%
140Adaleigh
8.7%
111Arlette
7.9%
120Ariadna
7.4%
266Aanya
6.9%
189Ananya
6.5%
140Aditi
6.5%
473Aranza
6%
259Adilene
6%
247Amaris
6%
126Arianny
5.2%
131Amerie
4.5%
178Arantza
4.2%
139Avani
3.7%
178Aarya
3.5%
115Akshara
3.2%
139Anyla
2.7%
249Aadhya
2.5%
188Aleyda
2.5%
118Anylah
2.2%
164Aadya
1.7%
174Aarna
1.5%

You're not logged in!

Compare scores with friends on all Sporcle quizzes.
Join for Free
OR
Log In

You Might Also Like...

Show Comments

Extras

Top Quizzes Today


Score Distribution

Your Account Isn't Verified!

In order to create a playlist on Sporcle, you need to verify the email address you used during registration. Go to your Sporcle Settings to finish the process.

Report this User

Report this user for behavior that violates our Community Guidelines.

Details: